VZTAH PŘIROZENÉHO A PLATNÉHO PRÁVA

Bibliographic Details
Main Author: Skřejpek, Michal (Author)
Format: Article
Language:Czech
ISBN:9788071603467
Subjects:

MARC

LEADER 00000naa a2200000 a 4500
001 vtls011854218
003 SK-MaSNL
005 20260302133040.0
008 220810|2013 xo |||||||||||||||||cze|
015 |a SNBCL 
035 |a (urnnbn)urn:nbn:sk:snk:ar-a0aysk 
035 |a urn:nbn:sk:snk-aaw8hh 
035 |a (uuid)c959327a-a6e1-4172-8278-18bd0f48c9ca 
040 |a SNKBUCL  |b slo  |c SNKBUCL  |e AACR2 
041 |a cze 
044 |a xo  |c SK 
100 1 |a Skřejpek, Michal  |4 aut  |9 819147 
245 1 0 |a VZTAH PŘIROZENÉHO A PLATNÉHO PRÁVA  |c Michal Skřejpek 
655 7 |a články zo zborníkov  |2 snkbucl  |9 166140 
773 0 |t Ius naturale - ius civile - ius gentium  |d V Bratislave : Univerzita Komenského, Právnická fakulta, 2013  |g S. 119-132  |z 9788071603467 
954 |a odborná, vedecká literatúra cudzojazyčná (svetová)  |2 lita 
958 |a OND 
958 |a article26 
958 |a chapter 
999 |c 1315142  |d 1317072